Las villas de la ciudad (Record no. 1785)

MARC details
000 -LEADER
fixed length control field 00635 #a2200241 #4500
001 - CONTROL NUMBER
control field BNM000994
005 - DATE AND TIME OF LATEST TRANSACTION
control field 20220830132213.0
008 - FIXED-LENGTH DATA ELEMENTS--GENERAL INFORMATION
fixed length control field aespañol
020 ## - INTERNATIONAL STANDARD BOOK NUMBER
International Standard Book Number 987-9300-86-6
040 ## - CATALOGING SOURCE
Original cataloging agency AR-C50180D0
100 ## - MAIN ENTRY--PERSONAL NAME
Personal name Cravino, María Cristina
9 (RLIN) 1057
245 ## - TITLE STATEMENT
Title Las villas de la ciudad
Remainder of title mercado e informalidad urbana
Statement of responsibility, etc María Cristina Cravino
250 ## - EDITION STATEMENT
Edition statement 1a.ed.
260 ## - PUBLICATION, DISTRIBUTION, ETC. (IMPRINT)
Place of publication, distribution, etc Los Polvorines
Name of publisher, distributor, etc UNGS
Date of publication, distribution, etc 2006
300 ## - PHYSICAL DESCRIPTION
Extent 280 p.
440 ## - SERIES STATEMENT/ADDED ENTRY--TITLE
Title Instituto del Conurbano
650 ## - SUBJECT ADDED ENTRY--TOPICAL TERM
Topical term or geographic name as entry element VIVIENDAS
650 ## - SUBJECT ADDED ENTRY--TOPICAL TERM
Topical term or geographic name as entry element VILLAS
650 ## - SUBJECT ADDED ENTRY--TOPICAL TERM
Topical term or geographic name as entry element MERCADO MOBILIARIO
942 ## - ADDED ENTRY ELEMENTS (KOHA)
Source of classification or shelving scheme Dewey Decimal Classification
Item type Libro, folleto, traducción
980 ## - EQUIVALENCE OR CROSS-REFERENCE-SERIES STATEMENT--PERSONAL NAME/TITLE [LOCAL, CANADA]
Field link and sequence number 20562
Miscellaneous information Diego Higa
Holdings
Withdrawn status Lost status Source of classification or shelving scheme Damaged status Not for loan Home library Current library Date acquired Total Checkouts Full call number Barcode Date last seen Price effective from Koha item type
    Dewey Decimal Classification     Biblioteca Central Biblioteca Central 22/04/2014   363.5 CRA UNAJ14040546 17/03/2025 22/04/2014 Libro, folleto, traducción

Lunes a Viernes 8:30 a 19:00 hs. Cerrado por mudanza
Av.Calchaqui 6200 Florencio Varela (CP188) 2°piso Edificio Mosconi Aula 209-210
Mail: bibliotecacentralunaj@gmail.com  
Whatsapp(54 9)1122668024    ❔Pregunte a la bibliotecaria
© Universidad Nacional Arturo Jauretche | Secretaría Académica | Biblioteca Central UNAJ